000 01049nas a2200313 4500
001 BR2015000955
003 BR-BrBNA
005 20231205125032.0
007 ta
008 230509b bl.|||p| |||| 00| 00por d
040 _aBR-BrBNA
_bpor
_cBiblioteca Nacional de Agricultura
041 _a(En)
072 _aF60
100 1 _aChakraborty, U.
100 1 _aPradhan, B.
245 1 _aOxidative stress in five wheat varieties (Triticum aestivum L.)exposed to water stress and study of their antioxidant enzyme defense system, water stress responsive metabolites and H2O2 accumulation
650 _aTRIGO
650 _aTRITICUM AESTIVUM
650 _aOXIDACAO
650 _aSTRESS
650 _aRELACAO AGUA-PLANTA
650 _aANTIOXIDANTE
650 _aENZIMA
650 _aSECA
773 0 _tBrazilian Journal of Plant Physiology (Brazil)
_xISSN 1677-0420
_g(2012), v. 24(2) p. 117-130
_wBR2015000955
856 4 0 _uhttp://www.scielo.br/pdf/bjpp/v24n2/05.pdf
909 _a202311
_bLúcia
_c55
_dLúcia Elande
942 _2AGRIS
_n0
_cANA
999 _c242257
_d242257